Detalles MARC
| 000 -LEADER |
| campo de control de longitud fija |
02193nam a2200349 i 4500 |
| 001 - NÚMERO DE CONTROL |
| campo de control |
193345 |
| 003 - IDENTIFICADOR DE NÚMERO DE CONTROL |
| campo de control |
SpMaBN |
| 005 - FECHA Y HORA DE LA ÚLTIMA TRANSACCIÓN |
| campo de control |
20250720063104.0 |
| 007 - CAMPO FIJO DE DESCRIPCIÓN FÍSICA--INFORMACIÓN GENERAL |
| campo de control de longitud fija |
ta |
| 008 - DATOS DE LONGITUD FIJA--INFORMACIÓN GENERAL |
| campo de control de longitud fija |
231103e2023 sp | |||| 000 spa |
| 017 ## - NÚMERO DE COPYRIGHT O DE DEPÓSITO LEGAL |
| Número de copyright o de depósito legal |
M 14499-2023 |
| Agencia que asigna |
Oficina Depósito Legal Madrid |
| 020 ## - NÚMERO INTERNACIONAL ESTÁNDAR DEL LIBRO |
| Número Internacional Estándar del Libro |
9788419809186 |
| 035 ## - NÚMERO DE CONTROL DEL SISTEMA |
| Número de control de sistema |
a7313912 |
| 040 ## - FUENTE DE CATALOGACIÓN |
| Centro catalogador/agencia de origen |
SpMaBN |
| Lengua de catalogación |
spa |
| Centro/agencia transcriptor |
SpMaBN |
| Normas de descripción |
rda |
| Centro/agencia modificador |
Es-MaACL |
| 100 1# - ENTRADA PRINCIPAL--NOMBRE DE PERSONA |
| Nombre de persona |
Pérez Henares, Antonio, |
| Fechas asociadas al nombre |
1953- |
| Término indicativo de función/relación |
Autor |
| 9 (RLIN) |
138463 |
| 245 13 - MENCIÓN DEL TÍTULO |
| Título |
El río de la lamia / |
| Mención de responsabilidad, etc. |
Antonio Pérez Henares. |
| 264 #1 - PRODUCCIÓN, PUBLICACIÓN, DISTRIBUCIÓN, FABRICACIÓN Y COPYRIGHT |
| Producción, publicación, distribución, fabricación y copyright |
Madrid : |
| Nombre del de productor, editor, distribuidor, fabricante |
HarperCollins Ibérica, |
| Fecha de producción, publicación, distribución, fabricación o copyright |
[2023] |
| 300 ## - DESCRIPCIÓN FÍSICA |
| Extensión |
301 páginas ; |
| Dimensiones |
19 cm |
| 336 ## - TIPO DE CONTENIDO |
| Término de tipo de contenido |
Texto |
| Fuente |
rdacontent |
| 337 ## - TIPO DE MEDIO |
| Nombre/término del tipo de medio |
sin mediación |
| Fuente |
rdamedia |
| 338 ## - TIPO DE SOPORTE |
| Nombre/término del tipo de soporte |
volumen |
| Fuente |
rdacarrier |
| 490 1# - MENCIÓN DE SERIE |
| Mención de serie |
Histórica ; |
| Designación de volumen o secuencia |
106 |
| 520 ## - RESUMEN, ETC. |
| Sumario, etc. |
Conocía todas las pieles que rozaron la superficie de sus aguas.<br/><br/>Una obra que conjuga lo mejor del género histórico, del relato fantástico y de la leyenda popular.<br/><br/>El río de la lamia entreteje siete historias que acaban por confluir: cazadores foramontanos y agricultores neolíticos, guerreros y ermitaños, prófugos de la guerra de Cuba y buscadores de tesoros, una curandera perseguida por la Inquisición o un misterioso lobo de tres patas. La emoción del relato, su sobrecogedora descripción de los paisajes naturales y su habilidad para hilvanar diferentes hilos narrativos hacen de El río de la lamia una novela singular y extraordinaria, por la que fluye a borbotones la pasión de crear personajes e imaginar vidas. Es, además, en palabras del propio autor, la piedra angular de lo que iba a ser el cogollo y el meollo de su obra, pues en ella aparecen los escenarios, los personajes, las sendas narrativas y las voces de sus futuras novelas. |
| 655 #4 - TERMINO DE INDIZACIÓN--GENERO/FORMA |
| Datos o término principal de género/forma |
Novelas históricas |
| Fuente del término |
tgfbne |
| 9 (RLIN) |
226782 |
| 830 #0 - PUNTO DE ACCESO ADICIONAL DE SERIE-TÍTULO UNIFORME |
| Título uniforme |
Histórica (HarperCollins Ibérica) ; |
| 9 (RLIN) |
234491 |
| Designación de volumen o secuencia |
106 |
| 852 ## - LOCALIZACIÓN |
| Ubicación |
ES-MaACL |
| Sublocalización o colección |
R.154740 |
| Ubicación en estantería |
Depósito J |
| Anotaciones manuscritas |
Dedicatoria autógrafa del autor |
| Donativo/Legado |
Donación: Antonio Pérez Henares |
| Número de control de estantería |
N-9570 |
| itemnumber |
200791 |
| 903 ## - NOMBRE PERSONAL DE DONANTE |
| a |
Pérez Henares, Antonio, |
| d |
1953- |
| e |
Donante |
| 9 |
138463 |
| 942 ## - ELEMENTOS DE ENTRADA SECUNDARIOS (KOHA) |
| Suprimir en OPAC |
No |
| Tipo de ítem Koha |
Libro impreso |